Once a mouse... : (Record no. 113624)
[ view plain ]
| 000 -LEADER | |
|---|---|
| fixed length control field | 00536nam a2200193 a 4500 |
| 001 - CONTROL NUMBER | |
| control field | 3592 |
| 005 - DATE AND TIME OF LATEST TRANSACTION | |
| control field | 20140414132031.0 |
| 008 - FIXED-LENGTH DATA ELEMENTS--GENERAL INFORMATION | |
| fixed length control field | 040603s19uu xx 00 eng d |
| 020 ## - INTERNATIONAL STANDARD BOOK NUMBER | |
| International Standard Book Number | 0-689-71343-6 |
| 050 ## - LIBRARY OF CONGRESS CALL NUMBER | |
| Classification number | TR |
| Item number | ON1 1961 |
| 100 ## - MAIN ENTRY--PERSONAL NAME | |
| Personal name | Brown, Marcia |
| 245 ## - TITLE STATEMENT | |
| Title | Once a mouse... : |
| Remainder of title | a fable cut in wood from ancient India / |
| Statement of responsibility, etc | by Marcia Brown. |
| 260 ## - PUBLICATION, DISTRIBUTION, ETC. (IMPRINT) | |
| Place of publication, distribution, etc | New York : |
| Name of publisher, distributor, etc | Aladdin Paperbacks, |
| Date of publication, distribution, etc | 1961. |
| 300 ## - PHYSICAL DESCRIPTION | |
| Extent | 1 v. (unp.) : ill. ; cm. |
| 500 ## - GENERAL NOTE | |
| General note | TR/PS |
| 650 ## - SUBJECT ADDED ENTRY--TOPICAL TERM | |
| Topical term or geographic name as entry element | Fables. |
| 650 ## - SUBJECT ADDED ENTRY--TOPICAL TERM | |
| Topical term or geographic name as entry element | Folklore |
| General subdivision | India. |
| Withdrawn status | Lost status | Damaged status | Use restrictions | Home library | Current library | Shelving location | Date acquired | Source of acquisition | Total Checkouts | Full call number | Barcode | Date last seen | Price effective from | Koha item type |
|---|---|---|---|---|---|---|---|---|---|---|---|---|---|---|
| Munich Library | Munich Library | Teachers Reference Section | 06/03/2004 | TR ON1 1961 | M5223 | 04/14/2014 | 04/14/2014 | Books |